Datum a čas kvízu
9
Celkem bodů
Celkový počet nahraných bodů na tomto kvízu bez doplňovacích otázek.
4.
Pořadí na kvízu
Konečné umístění týmu na tomto kvízu.
Zaznamenané odpovědi
| # | Otázka | Odpověď | Body | Výsledky |
|---|---|---|---|---|
| 1. | Premiér Fiala ve čtvrtek podep... | o Vatikán | 0 | |
| 2. | Britské ministerstvo vnitra pr... | (medvídek) Paddington | 0 | |
| 3. | Český film režiséra Petra Slav... | Tancuj Matyldo | 0 | |
| 4. | Minulý týden jsme se dozvěděli... | C) Alan Turing | 0 | |
| 5. | Fotbalový klub Vikingur Reykja... | palety | 0 | |
| 6. | Vzhledem ke končící bohaté hou... | třeň, pochva | 0.5 | |
| 7. | Uveďte rodové jméno tohoto ptá... | brhlík | 0 | |
| 8. | Při nocování v lese jste už mo... | liška | 1 | |
| 9. | Jak se u jelenovitých označuje... | vytloukání | 0 | |
| 10. | Na jaře se řada lidí vydává do... | konvalinka; ocún | 0.5 |